|
|
|
|
| LEADER |
01035nam a2200229 i 4500 |
| 003 |
GR-PaULI |
| 005 |
20220804101610.0 |
| 008 |
220804s1964 gw acopg 000 0 ger d |
| 952 |
|
|
|0 0
|1 0
|2 ddc
|4 0
|6 301_010000000000000_SOZ
|7 1
|9 363236
|a LISP
|b LISP
|c DON
|d 2022-08-04
|e ΨΥΧ
|i 258298
|l 0
|o 301.01 SOZ
|p 025000290756
|r 2022-08-04 00:00:00
|t 1
|v 2022.00
|w 2022-08-04
|y BKN
|
| 999 |
|
|
|c 212234
|d 212234
|
| 040 |
|
|
|a GR-PaULI
|b gre
|c GR-PaULI
|e AACR2
|
| 082 |
0 |
4 |
|2 23
|a 301.01
|
| 245 |
0 |
0 |
|a Soziologische Texte /
|c Klassiker Quellen Monographien Herausgegeben von Heinz Maus und Friedrich Fürstenberg ; Redaktion Frank Benseler.
|
| 246 |
|
4 |
|a Soziologische Texte :
|b Gesamtverzeichnis.
|
| 260 |
|
|
|a [Χ.τ.] :
|b Luchterhand,
|c [χ.χ.].
|
| 300 |
|
|
|a 60 σ. :
|b εικ. ;
|c 19 εκ.
|
| 650 |
|
4 |
|9 76
|a Κοινωνιολογία
|
| 700 |
1 |
|
|9 193325
|a Maus, Heinz
|e επιμελητής.
|
| 700 |
1 |
|
|9 193326
|a Fürstenberg, Friedrich
|e επιμελητής.
|
| 700 |
1 |
|
|9 193327
|a Benseler, Frank
|e εκδότης.
|
| 942 |
|
|
|2 ddc
|c BK
|
| 998 |
|
|
|c Σαλαμούρα
|d 2022-08
|